00624 a2200193 450000500170000001000180001702000330003502000330006803500180010103700160011908200130013510000210014824500890016926000380025827000620029630000370035850500160039570000190041120200114143809.0 aENG-127410-11 c999.00(part1)a9789384061555 c999.00(part2)a9789384061555 aEN-110942-943 bDBAD / PUB14a657.02181 aBhave,Rammohan N1 aIFRS simplified with practical illustration/cby Bhave,Rammohan N[and]Anjali R Bhave bTV 18 broadcastc2017aNew Delhi  a503, 504 & 507, 5th Floor Mercantile Housea Delhi 110001 a2 Parts. (435p.;471p.)c21cm(hb) aPart1,Part2 aBhave,Anjali R